| 000 | 01095nam a22003257a 4500 | ||
|---|---|---|---|
| 001 | BR8000356 | ||
| 003 | BR-BrBNA | ||
| 005 | 20230928090520.0 | ||
| 007 | ta | ||
| 008 | 230509b bl.||||| |||| 00| 0 por d | ||
| 040 |
_aBR-BrBNA _bpor _cBiblioteca Nacional de Agricultura |
||
| 041 | _a(Por) | ||
| 072 |
_aE15 _b9600 _b/G514 |
||
| 090 | _ 9600 BR8000356 | ||
| 100 | 1 | _aBarrios, D.L. de A. | |
| 100 | 1 | _aSilva, J.T. da | |
| 110 | 1 | _aEmpresa de Assistencia Tecnica e Extensao Rural do Estado de Minas Gerais, Belo Horizonte (Brasil) | |
| 245 | 1 | _aAspectos tecnicos e economicos da producao comercial de ovos no Sul de Minas [Galinha para postura; Brasil] | |
| 246 | 1 | _a[Technical and economical aspects of the commercial production of eggs in Southern Minas [Laying hen; Brazil]] | |
| 260 | 3 |
_aBelo Horizonte, MG (Brasil): _c1980. |
|
| 300 | _a22 p. | ||
| 500 | _a11 tables | ||
| 650 | _aMicroeconomia | ||
| 650 | _aGalinha para postura | ||
| 650 | _aOvo | ||
| 650 | _aEconomia da producao | ||
| 650 | _aMinas Gerais | ||
| 909 |
_a202309 _bLucia _c55 _dLucia Elande |
||
| 942 | _cBK | ||
| 999 |
_c29162 _d29162 |
||